<The> governance of land use in OECD countries policy analysis and recommendations

Na minha lista:
Detalhes bibliográficos
Formato: Livro
Idioma:inglês
Publicado em: Paris OECD 2017
Assuntos:
Tags: Adicionar Tag
Sem tags, seja o primeiro a adicionar uma tag!

MARC

LEADER 00000nam a2200000 4500
001 0233487
005 20240314122954.4
020 |a 978-92-64-26859-3 
041 0 |a eng 
044 |a FR 
245 1 0 |a <The> governance of land use in OECD countries  |b policy analysis and recommendations 
264 1 |a Paris  |b OECD  |c 2017 
300 |a 204 s. 
610 2 0 |a plánovanie územné 
610 2 0 |a riadenie 
610 2 0 |a politika verejná 
610 2 0 |a politika fiškálna 
610 2 0 |a urbanizácia 
610 2 0 |a vlastníctvo 
610 2 0 |a dane 
610 2 0 |a kvalita života 
610 2 0 |a štúdie prípadové